000 00694cam a22002173a 4500
001 43520
003 PGUSA
005 20140828084005.0
008 130820s2013||||xxu|||||s|||||000 | eng d
040 _aPGUSA
_beng
042 _adc
100 1 _aFielding, Henry,
_d1707-1754
245 1 4 _aThe Works of Henry Fielding; vol. xi :
_bA Journey From This World to the Next; Voyage to Lisbon
_h[electronic resource] /
_cHenry Fielding
260 _bProject Gutenberg,
_c2013
506 _aPublic domain in the USA.
516 _aElectronic text
700 1 _aSaintsbury, George,
_d1845-1933
830 0 _aProject Gutenberg
_v43520
856 4 0 _uhttp://www.gutenberg.org/ebooks/43520
942 _cEB
999 _c272771
_d272771